Who am I? - Animal Noses and Mouths - Statistics

General Stats
  • This quiz has been taken 321 times
    305 since last reset
  • The average score is 13 of 16
Answer Stats
Picture Answer % Correct
Tiger
95%
Snake
94%
Giraffe
92%
Crocodile
91%
Hippo
91%
Rabbit
87%
Seal
87%
Polar bear
86%
Chimpanzee
83%
Rhinoceros
82%
Orangutan
80%
Red panda
76%
Hyena
74%
Cheetah
73%
Bison
71%
Mouse
58%
No matching quizzes found
Score Distribution
Percent of People with Each Score
Percentile by Number Answered
Your Score History
You have not taken this quiz since the last reset